| 000 | 00348 a2200121 4500 | ||
|---|---|---|---|
| 000 | nam a22 7a 4500 | ||
| 005 | 20260316142211.0 | ||
| 020 | _a9781433835964 | ||
| 100 |
_aAmy Wenzel _91041889 |
||
| 245 | _aTherapeutic Relationship-Focused Cognitive Behavioral Therapy | ||
| 260 |
_bAmerican Psychological Association _c2024 |
||
| 942 | _cTEXL | ||
| 999 |
_c1715505 _d1715505 |
||